000
00225 a2200097 4500
001
49423
100
_a
Marriott
245
_a
Short Stories of To-Day
260
_a
London
_b
George G Harrap & Company
_c
090
_c
31959
_d
31959
942
_a
NUST-CAE
_c
M
_c
24401
999
_c
284496
_d
284496